| 000 | 01576cam a2200397 a 4500 | ||
|---|---|---|---|
| 001 | 14078531 | ||
| 003 | OSt | ||
| 005 | 20231009144124.0 | ||
| 008 | 050818s2006 nyu 000 1 eng | ||
| 010 | _a 2005053488 | ||
| 020 | _a9781784873356 | ||
| 020 | _a037542248X | ||
| 020 | _a9780375422485 | ||
| 035 | _a(OCoLC)ocm61448278 | ||
| 040 |
_aDLC _cDLC _dBAKER _dC#P _dYDXCP _dVP@ _dOCLCQ _dDLC |
||
| 041 | 1 |
_aeng _hkik |
|
| 043 | _af------ | ||
| 050 | 0 | 0 |
_aPR9381.9.N45 _bW59 2006 |
| 082 | 0 | 0 |
_a823.914 _bTHI/W |
| 100 | 0 |
_aNgũgĩ wa Thiongʼo, _d1938- _99719 |
|
| 245 | 1 | 0 |
_aWizard of the crow / _cNgũgĩ wa Thiongʾo ; a translation from Gĩkũyũ by the author. |
| 250 | _a1st ed. | ||
| 260 |
_aNew York : _bPantheon Books, _cc2006. |
||
| 300 |
_a768 p. ; _c25 cm. |
||
| 650 | 0 |
_aPower (Social sciences) _vFiction. |
|
| 651 | 0 |
_aAfrica _vFiction. |
|
| 655 | 7 |
_aPolitical fiction. _2lcsh |
|
| 655 | 7 |
_aSatire. _2lcsh |
|
| 655 | 7 |
_aHumorous fiction. _2gsafd |
|
| 856 | 4 | 1 |
_3Sample text _uhttp://www.loc.gov/catdir/enhancements/fy0643/2005053488-s.html |
| 856 | 4 | 2 |
_3Contributor biographical information _uhttp://www.loc.gov/catdir/enhancements/fy0659/2005053488-b.html |
| 856 | 4 | 2 |
_3Publisher description _uhttp://www.loc.gov/catdir/enhancements/fy0659/2005053488-d.html |
| 906 |
_a7 _bcbc _corignew _d1 _eocip _f20 _gy-gencatlg |
||
| 942 |
_2ddc _cBK _h823.914 _iTHI/W _k823.914 _mTHI/W |
||
| 999 |
_c42606 _d42606 |
||